|
|
|
|
| LEADER |
01725nem a2200433 i 4500 |
| 001 |
nkc20061640979 |
| 003 |
CZ PrNK |
| 005 |
20240624084421.0 |
| 007 |
aj canzn |
| 008 |
060203s2006 xr z a 0 cze |
| 015 |
|
|
|a cnb001640979
|
| 034 |
1 |
|
|a a
|b 98000
|d E0163312
|e E0165313
|f N0485642
|g N0484417
|
| 040 |
|
|
|a BOA001
|b cze
|d ABA001
|e rda
|
| 043 |
|
|
|a e-xr---
|b e-xr-jm
|2 czenas
|
| 072 |
|
7 |
|a 913(437)
|x Geografie Česka a Slovenska, reálie, cestování
|2 Konspekt
|9 7
|
| 072 |
|
7 |
|a 912
|x Mapy. Atlasy. Glóby
|2 Konspekt
|9 7
|
| 080 |
|
|
|a 913(437.322)
|2 MRF
|
| 080 |
|
|
|a (084.3)
|2 MRF
|
| 245 |
0 |
0 |
|a LVA a okolí :
|b Lednicko-valtický areál = Parkareal Lednice-Valtice = The Lednice-Valtice area : Jih Moravy 2006
|
| 246 |
3 |
|
|a Lednicko-valtický areál
|
| 246 |
3 |
|
|a Jih Moravy 2006
|
| 246 |
3 |
1 |
|a Parkareal Lednice-Valtice
|
| 246 |
3 |
1 |
|a The Lednice-Valtice area
|
| 255 |
|
|
|a Měřítko 1:98 000
|c (E 16°33'12"--E 16°53'13"/N 48°56'42"--N 48°44'17")
|
| 264 |
|
1 |
|a [Břeclav] :
|b ARIN,
|c 2006
|
| 300 |
|
|
|a 1 mapa :
|b barevná ;
|c 42 x 60 cm, složeno na 21 x 10 cm
|
| 336 |
|
|
|a kartografický obraz
|b cri
|2 rdacontent
|
| 337 |
|
|
|a bez média
|b n
|2 rdamedia
|
| 338 |
|
|
|a list
|b nb
|2 rdacarrier
|
| 500 |
|
|
|a Doplňková mapa hraničního přechodu Lanžhot - Kúty, ilustrace, na rubu ubytování a stravování
|
| 651 |
|
7 |
|a Lednicko-valtický areál (Česko)
|7 ge129775
|2 czenas
|
| 651 |
|
9 |
|a Lednicko-valtický areál (Czechia)
|2 eczenas
|
| 655 |
|
7 |
|a mapy
|7 fd132800
|2 czenas
|
| 655 |
|
9 |
|a maps
|2 eczenas
|
| 910 |
2 |
|
|a BOA001
|b Mp2-1165.380
|
| 990 |
|
|
|a MP
|
| 995 |
|
|
|a 01
|
| 991 |
|
|
|b 200604
|c NOV
|
| 996 |
6 |
|
|b 2610273495
|c Mp2-1165.380
|l MZK
|r Sklad / do 1 hodiny
|n 5
|p p.v.
|w 000807781
|u 000010
|a 1
|e BOA001
|j MZK50
|s P
|